Рассеяние света на атмосферных ледяных кристаллах в приближении физической оптики: монография

Detalhes bibliográficos
Outros Autores: Коношонкин А. В. Александр Владимирович, Боровой А. Г. Анатолий Георгиевич, Кустова Н. В. Наталья Валентиновна, Шишко В. А. Виктор Андреевич, Тимофеев Д. Н. Дмитрий Николаевич
Resumo:Авт. указаны на обороте тит. л.
В монографии изложены вопросы рассеяния света на крупных атмосферных ледяных частицах в рамках приближений геометрической и физической оптики. Авторами впервые в отечественной и мировой литературе строго сформулирован метод физической оптики исходя из уравнений Максвелла. Представлено подробное исследование достоверности данного метода и границ его применимости. Изложена методика решения задачи рассеяния света на ледяных кристаллических частицах перистых облаков применительно к задачам лазерного зондирования атмосферы и решения уравнений переноса излучения. Наиболее полно освещены вопросы построения оптической модели атмосферных ледяных частиц как идеальной, так и сложной формы. Приводятся примеры практического использования построенной оптической модели для обнаружения слоев квазигоризонтально ориентированных кристаллических частиц, а также для определения их характеристик по данным лазерного зондирования атмосферы. Получены оптические модели слоев квазигоризонтально ориентированных кристаллических частиц для задач переноса излучения в атмосфере и моделирования климата. Монография предназначена специалистам в области решения задачи рассеяния света на крупных несферических частицах, а также студентам и аспирантам, обучающимся по специальностям «оптика» и «физика атмосферы и гидросферы».
Idioma:russo
Publicado em: Москва, Физматлит, 2022
Assuntos:
Formato: Livro
KOHA link:https://koha.lib.tpu.ru/cgi-bin/koha/opac-detail.pl?biblionumber=347888

MARC

LEADER 00000nam0a2200000 4500
001 347888
005 20231101035728.0
010 |a 9785922119276 
035 |a (RuTPU)RU\TPU\book\379843 
090 |a 347888 
100 |a 20220725d2022 k y0rusy50 ca 
101 0 |a rus 
102 |a RU 
105 |a a z 001zy 
200 1 |a Рассеяние света на атмосферных ледяных кристаллах в приближении физической оптики  |e монография  |f А. В. Коношонкин, А. Г. Боровой, Н. В. Кустова [и др.] 
210 |a Москва  |c Физматлит  |d 2022 
215 |a 384 с.  |c ил. 
300 |a Авт. указаны на обороте тит. л. 
320 |a Библиогр.: с. 339-382 
330 |a В монографии изложены вопросы рассеяния света на крупных атмосферных ледяных частицах в рамках приближений геометрической и физической оптики. Авторами впервые в отечественной и мировой литературе строго сформулирован метод физической оптики исходя из уравнений Максвелла. Представлено подробное исследование достоверности данного метода и границ его применимости. Изложена методика решения задачи рассеяния света на ледяных кристаллических частицах перистых облаков применительно к задачам лазерного зондирования атмосферы и решения уравнений переноса излучения. Наиболее полно освещены вопросы построения оптической модели атмосферных ледяных частиц как идеальной, так и сложной формы. Приводятся примеры практического использования построенной оптической модели для обнаружения слоев квазигоризонтально ориентированных кристаллических частиц, а также для определения их характеристик по данным лазерного зондирования атмосферы. Получены оптические модели слоев квазигоризонтально ориентированных кристаллических частиц для задач переноса излучения в атмосфере и моделирования климата. Монография предназначена специалистам в области решения задачи рассеяния света на крупных несферических частицах, а также студентам и аспирантам, обучающимся по специальностям «оптика» и «физика атмосферы и гидросферы». 
606 1 |a Свет  |x Рассеяние в атмосфере  |2 stltpush  |3 (RuTPU)RU\TPU\subj\54133 
610 1 |a атмосфера 
610 1 |a гидросфера 
610 1 |a физическая оптика 
610 1 |a атмосферные ледяные кристаллы 
610 1 |a ледяные кристаллические частицы 
610 1 |a перистые облака 
610 1 |a лазерное зондирование 
610 1 |a оптические явления 
610 1 |a ледяные кристаллы 
610 1 |a численные решения 
610 1 |a задачи 
610 1 |a математическое моделирование 
610 1 |a монографии 
675 |a 551.593.5  |v 4 
701 1 |a Коношонкин  |b А. В.  |g Александр Владимирович 
701 1 |a Боровой  |b А. Г.  |g Анатолий Георгиевич 
701 1 |a Кустова  |b Н. В.  |g Наталья Валентиновна 
701 1 |a Шишко  |b В. А.  |g Виктор Андреевич 
701 1 |a Тимофеев  |b Д. Н.  |g Дмитрий Николаевич 
801 1 |a RU  |b 63413507  |c 20220725 
801 2 |a RU  |b 63413507  |c 20221003  |g RCR 
942 |c BK